000 00850nam a2200253 i 4500
001 bg
100 1 _aWOLKENBERG, Andrzej
245 1 0 _aWybrane problemy materiałowe i pomiarowo-badawcze przemysłu półprzewodnikowego /
_cAndrzej Wolkenberg.
260 _aCzęstochowa :
_bWydaw. PC,
_c1998.
300 _a193, [3] s. :
_bfot., rys., wykr. ;
_c24 cm.
490 1 _aMonografie / Politechnika Częstochowska,
_x0860-5017 ;
_vnr 56
500 _aStreszcz. ang., ros.
504 _aBibliogr. s. 192-[194].
650 9 _aOptoelektronika
_xmateriały
650 9 _aPółprzewodniki
_xprzemysł
830 0 _aMonografie (Politechnika Częstochowska) ;
_vnr 56
020 _a8371930321
040 _cBPK
041 0 _apol
_benru
080 _a666.65:537.5
920 _a83-7193-032-1
942 _cKS
008 s pl f |000 0 pol
999 _c37809
_d37809
856 _uhttp://koha.tu.koszalin.pl/cgi-bin/koha/opac-detail.pl?biblionumber=37809
_yKatalog online BPK